000 00497nam a2200181Ia 4500
001 9128
005 20260306160700.0
008 260306t2004||||xx |||||||||||||| ||spa||
041 _aESP
082 _a372.84
_bZ87
100 _aZorrillo Pallavicino, Alix
_eAUT
245 0 _aJuego musical y aprendizaje:
_bestimula el desarrollo y la creatividad. Musicoterapia preventiva
260 _c2004
300 _a218 páginas :
_c21 cm.
650 _aGEN
654 _aCED
942 _cLIB
_dJUS
_fJUS
_2ddc
_n
999 _c9128
_d9128